| 000 | 00619nam a22001937a 4500 | ||
|---|---|---|---|
| 003 | DO-SdBNP | ||
| 005 | 20210914140415.0 | ||
| 008 | 210609b 2010 sp 00| 0 eng d | ||
| 020 | _a9788467034264 | ||
| 040 |
_aDO-SdBNP _bspa _cBNPHU |
||
| 082 | 4 |
_222 _bO78L _a461.52 |
|
| 245 | 0 | 0 | _aOrtografía de la lengua española. |
| 260 |
_aMadrid : _bReal Academia Española ; Asociacón de Academias de la lengua española : Espasa, _c2010. |
||
| 300 |
_ali, 743 p. ; _c24 cm. |
||
| 590 | _aInventariado, 2021 /LP | ||
| 650 | 4 |
_aEspañol _x Ortografía _91453 |
|
| 910 | _aValidado. Control de calidad MFF | ||
| 942 |
_2ddc _cLBS1 |
||
| 999 |
_c49902 _d49902 |
||